| 000 | 00928nam a2200241 a 4500 | ||
|---|---|---|---|
| 020 | _a2110844841 | ||
| 040 | _cDLC | ||
| 082 | _a378 SOC 1982 A017 Or. | ||
| 245 | 0 | 0 | _aEvaluation du développement rural / |
| 250 | _a2e éd. / | ||
| 260 |
_a[Paris] : _bSociété d'études pour le développement économique et social, _cc1982. |
||
| 300 |
_a201 p. : _bill. ; _c24 cm. |
||
| 490 | 1 | _aMéthodologie, | |
| 500 | _aAt head of title: République française, Ministère des relations extérieures, Coopération et développement. | ||
| 500 | _aRev. and completed ed. of: Guide d'évaluation a posteriori des opérations de développement rural. c1979. | ||
| 650 | 0 | _aEconomic development projects | |
| 650 | 0 | _aRural development projects | |
| 700 | 1 | _aDanel, J. M. | |
| 700 | 1 | _aAncey, Gérard. | |
| 710 | 2 | _aSociété d'études pour le développement économique et social (France) | |
| 710 | 1 | _aFrance. | |
| 942 | _cEK | ||
| 999 |
_c12115 _d12115 |
||